Normal view
MARC view
- Management,Database
Entry Topical Term
001 - CONTROL NUMBER
- control field: 100462
003 - CONTROL NUMBER IDENTIFIER
- control field: NUST
005 - DATE AND TIME OF LATEST TRANSACTION
- control field: 20221017125540.0
008 - FIXED-LENGTH DATA ELEMENTS
- fixed length control field: 221017|| aca||aabn | a|a d
040 ## - CATALOGING SOURCE
- Original cataloging agency: NUST
- Transcribing agency: NUST
150 ## - HEADING--TOPICAL TERM
- Topical term or geographic name entry element: Management,Database
670 ## - SOURCE DATA FOUND
- Source citation: Work cat.: (NUST)176227: Jackson,Ken 100461, System 1022
